• 首页
  • 本馆介绍
  • 公告通知
  • 最新文献
  • 馆藏检索
  • 电子资源
  • 读者导购
  • 参考咨询
  • 我的图书馆
  • 登录
  • 详细信息显示
  • 放入我的书架
  • 预约/预借图书
  • 作者相关作品
  • 分类相关作品
  • 丛书相关作品
  • 出版社相关作品

书目信息

  • 表格格式
  • 工作单格式
  • 卡片格式
题名:
图解二十四式太极拳
    
 
作者: 陈昇 , 代林彬 编著
分册:  
出版信息: 福州   福建科学技术出版社  2000
页数: 177页
开本: 20cm
丛书名: 晨练丛书
单 册:
中图分类: G852.11-64
科图分类:
主题词: 简化太极拳--中国--图解 , 简化太极拳
电子资源:
ISBN: 7-5335-1513-7
000 00922oam2 2200265 450
001 1256481976
005 20121016083314.10
010    @a7-5335-1513-7@dCNY9.50
100    @a20001116d2000 em y0chiy50 ea
101 0  @achi
102    @aCN@b350000
105    @aa z 000yy
200 1  @a图解二十四式太极拳@Atu jie er shi si shi tai ji quan@f陈昇,代林彬编著
210    @a福州@c福建科学技术出版社@d2000
215    @a177页@c插图@d20cm
225 2  @a晨练丛书
330    @a本书介绍了二十四式太极拳的特点、整体动作要领、健身价值;介绍了二十四式太极拳的基本技术;在套路中不但通过图解说明动作,而且还在每一动作说明后,增加了教学口令、攻防含义、动作要领等。
461  0 @12001 @a晨练丛书
606 0  @a简化太极拳@y中国@j图解
606 0  @a简化太极拳
690    @aG852.11-64@v4
701  0 @a陈昇@Achen sheng@4编著
701  0 @a代林彬@Adai lin bin@4编著
801  0 @aCN@bNLC@c20101222
905    @a10447@dG852.11-64@eJY204
    
    图解二十四式太极拳/陈昇,代林彬编著.-福州:福建科学技术出版社,2000
    177页:插图;20cm.-(晨练丛书)
    
    
    ISBN 7-5335-1513-7:CNY9.50
    本书介绍了二十四式太极拳的特点、整体动作要领、健身价值;介绍了二十四式太极拳的基本技术;在套路中不但通过图解说明动作,而且还在每一动作说明后,增加了教学口令、攻防含义、动作要领等。
●
相关链接 在E读中查询图书 在五车中查询图书 在当当中查询图书 在豆瓣中查询图书


正题名:图解二十四式太极拳     索取号:G852.11-64/JY204         预约/预借

序号 登录号 条形码 馆藏地/架位号 状态 备注
1 7828971   278289718   学院路分馆/ [索取号:G852.11-64/JY204] 在馆    
唐山师范学院图书馆 欢迎您!
大连网信软件有限公司© 版权所有